| 000 | 01479cam a22003491 4500 | ||
|---|---|---|---|
| 001 | 76280 | ||
| 003 | BD-RjUL | ||
| 005 | 20211209082823.0 | ||
| 008 | 191119m19501955nyua b 001 0 eng | ||
| 035 | _a(BD-RjUL) | ||
| 035 | _a(OCoLC)566947 | ||
| 040 |
_aDLC _cODaWU _dICIU _dDLC _beng |
||
| 041 | _aeng | ||
| 042 | _apremarc | ||
| 082 |
_223 _a676 _bPUL 1950 V-1 |
||
| 110 | 2 |
_aJoint Textbook Committee of the Paper Industry. _9235134 |
|
| 245 | 1 | 0 |
_aPulp and paper manufacture. _cPrepared under the direction of the Joint Executive Committee on Vocational Education Representing the Pulp and Paper Industry of the United States and Canada. J. Newell Stephenson, editor-in-chief. |
| 250 | _a1st ed. | ||
| 260 |
_aNew York: _bMcGraw-Hill, _c1950-55. |
||
| 300 |
_a4 v. _billus. _c24 cm. |
||
| 490 | _aNew series pulp and and paper manufacture , 1 | ||
| 500 | _a"A new series of four books based on the 3d edition of volumes III, IV, and V of [its] The manufacture of pulp and paper." | ||
| 504 | _aIncludes bibliographies. | ||
| 505 | 1 | _av. 1. Preparation & treatment of wood pulp.--V-2. preparation of stock for paper making.--V-3. Manufacture & testing of paper and board.--V-4. Auxiliary paper Mill Equipment.-- | |
| 650 | 0 |
_aPaper industry. _9235135 |
|
| 650 | 0 |
_aWood-pulp. _9235136 |
|
| 700 | 1 |
_aStephenson, J. Newell, _9235158 |
|
| 906 |
_a7 _bcbc _coclcrpl _du _encip _f19 _gy-gencatlg |
||
| 942 |
_2ddc _cBK |
||
| 999 |
_c76280 _d76280 |
||